00351 a2200097 4500001001000000005001700010008004100027245011900068100001900187773004700206ART_5653120260410162049.0260409a 10aLa autonomía del derecho aduanero como ciencia normativa. Evolución y relaciones con otras ramas del derecho.1 aSchurig, Harry0 tImpuestosg- N° 125 (jun. 2022)wREV45175